Pedoman ucapan (Record no. 123833)

MARC details
000 -LEADER
fixed length control field 00662nam a2200241 i 4500
001 - CONTROL NUMBER
control field C2-0323820
003 - CONTROL NUMBER IDENTIFIER
control field PPAK
005 - DATE AND TIME OF LATEST TRANSACTION
control field 20180728122314.0
008 - FIXED-LENGTH DATA ELEMENTS--GENERAL INFORMATION
fixed length control field 970115s1953 my |||| ||||| | may d
040 ## - CATALOGING SOURCE
Original cataloging agency PPAK
Language of cataloging eng
Transcribing agency PPAK
Description conventions rda
082 04 - DEWEY DECIMAL CLASSIFICATION NUMBER
Classification number 801.955
Edition number 23
090 00 - LOCALLY ASSIGNED LC-TYPE CALL NUMBER (OCLC); LOCAL CALL NUMBER (RLIN)
Classification number (OCLC) (R) ; Classification number, CALL (RLIN) (NR) 801.955
Feature heading ABD
Feature heading KK
100 0# - MAIN ENTRY--PERSONAL NAME
Personal name Abdul Hadi Kamal,
Relator term author
245 10 - TITLE STATEMENT
Title Pedoman ucapan
264 #1 - PRODUCTION, PUBLICATION, DISTRIBUTION, MANUFACTURE, AND COPYRIGHT NOTICE
Place of production, publication, distribution, manufacture Sabak Bernam, Selangor :
Name of producer, publisher, distributor, manufacturer Usaha Kita ,
Date of production, publication, distribution, manufacture, or copyright notice 1953
300 ## - PHYSICAL DESCRIPTION
Extent 139 pages ;
Dimensions 18 cm
336 ## - CONTENT TYPE
Source rdacontent
Content type term text
337 ## - MEDIA TYPE
Source rdamedia
Media type term unmediated
338 ## - CARRIER TYPE
Source rdacarrier
Carrier type term volume
500 ## - GENERAL NOTE
General note Teks dalam tulisan jawi ; Nadir
650 10 - SUBJECT ADDED ENTRY--TOPICAL TERM
Topical term or geographic name entry element Rhetorical criticism
942 ## - ADDED ENTRY ELEMENTS (KOHA)
-- dc
Koha item type Book
Holdings
Withdrawn Not for loan Current library Shelving location Date acquired Full call number Barcode Date last seen Koha item type
  Not For Loan Perpustakaan Alor Setar Koleksi Nadir 16/08/1998 KK 801.955 ABD A00151541 09/05/2018 Book